| 000 | 00610nam a22002177a 4500 | ||
|---|---|---|---|
| 003 | BUBTL | ||
| 008 | 230319b ||||| |||| 00| 0 eng d | ||
| 020 | _a9844641624 | ||
| 082 | _a345.05/ Ak55l/ 2006 | ||
| 100 |
_94138 _aAkkas, Sarkar Ali |
||
| 245 |
_aLaw of Criminal Procedure : _bSarkar Ali Akkas |
||
| 250 | _a1st edn. | ||
| 260 |
_aDhaka _bAnkur Prokashani _cc2006 |
||
| 300 |
_a[xv], 447p. : _b21 cm. |
||
| 500 | _aIncludes Index | ||
| 650 | 0 |
_926 _aLaw |
|
| 700 |
_94138 _aAkkas, Sarkar Ali |
||
| 856 |
_k0 _l0 _yDownload |
||
| 942 |
_2ddc _cBK |
||
| 999 |
_c6987 _d6987 |
||